[Event "Marburg op-A"]
[Site "Marburg"]
[Date "2023.10.28"]
[Round "5"]
[White "Baumgarten, Fred"]
[Black "Gerhard, Dominik"]
[Result "0-1"]
[WhiteElo "1637"]
[BlackElo "1626"]
[PlyCount "76"]
[EventDate "2023.10.26"]
[EventType "swiss"]
[EventRounds "7"]
[EventCountry "GER"]
[SourceTitle "CB49_2023"]
[SourceDate "2023.12.06"]
[SourceVersion "1"]
[SourceVersionDate "2023.12.06"]
[SourceQuality "1"]

1. d4 Nf6 2. c4 g6 3. Nc3 d5 4. cxd5 Nxd5 5. e4 Nxc3 6. bxc3 Bg7 7. Bd3 c5 8. Nf3 Bg4 9. Qa4+ Nc6 10. Rb1 Qd7 11. Be3 Bxf3 12. gxf3 0-0 13. 0-0 Rfd8 14. d5 Ne5 15. Qxd7 Rxd7 16. Bb5 Rc7 17. f4 Ng4 18. Bd2 Nf6 19. f3 Bh6 20. c4 Nh5 21. Rfd1 Bxf4 22. Bxf4 Nxf4 23. e5 Ne2+ 24. Kf2 Nc3 25. Rdc1 Nxb1 26. Rxb1 Rd8 27. Ke3 f6 28. f4 Kg7 29. Rd1 fxe5 30. fxe5 Rcc8 31. Rb1 a6 32. Ba4 b5 33. cxb5 axb5 34. Rxb5 Rxd5 35. e6 Re5+ 36. Kf4 Rxe6 37. Bb3 c4 38. Bc2 Re2 0-1

[Event "Rhein Main op-B 24th"]
[Site "Bad Homburg"]
[Date "2022.06.16"]
[Round "3"]
[White "Gerhard, Dominik"]
[Black "Lobkin, Bohdan"]
[Result "0-1"]
[WhiteElo "1662"]
[BlackElo "1541"]
[PlyCount "94"]
[EventDate "2022.06.15"]
[EventType "swiss"]
[EventRounds "7"]
[EventCountry "GER"]
[SourceTitle "EXT 2023"]
[Source "ChessBase"]
[SourceDate "2022.10.05"]
[SourceVersion "1"]
[SourceVersionDate "2022.10.05"]
[SourceQuality "1"]

1. e4 e5 2. Nf3 Nc6 3. d4 exd4 4. Nxd4 Nf6 5. Nxc6 bxc6 6. e5 Nd5 7. c4 Nb6 8. Bd3 d5 9. exd6 cxd6 10. 0-0 Be7 11. Nc3 Be6 12. Qe2 0-0 13. Rd1 d5 14. cxd5 Nxd5 15. Ne4 Qc7 16. Ng5 Bxg5 17. Bxg5 Nf4 18. Bxf4 Qxf4 19. Qc2 Bd5 20. Bxh7+ Kh8 21. Bf5 g6 22. Qc3+ Kh7 23. Bd3 Rh8 24. Bf1 Kg8 25. Qg3 Qb4 26. b3 Re8 27. Rd3 Qa3 28. Rd2 Rh5 29. Rad1 Rhe5 30. f4 Re3 31. Qg4 Qc5 32. Kh1 Re1 33. f5 R8e4 34. Qg3 Rxd1 35. Rxd1 Qc2 36. Qd3 Qxa2 37. fxg6 Qxb3 38. gxf7+ Kxf7 39. Qd2 Qe3 40. Qa5 Qf2 41. Qd2 Qxd2 42. Rxd2 a5 43. Kg1 a4 44. Rd3 Re1 45. Kf2 Rxf1+ 46. Kxf1 Bc4 47. Ke2 a3 0-1

[Event "GER-ch Net blitz qual1"]
[Site "Playchess.com INT"]
[Date "2021.04.24"]
[Round "5"]
[White "Gerhard, Dominik"]
[Black "Heinig, Wolfram"]
[Result "0-1"]
[WhiteElo "1698"]
[BlackElo "1973"]
[PlyCount "82"]
[EventDate "2021.04.24"]
[EventType "swiss (blitz)"]
[EventRounds "11"]
[EventCountry "GER"]
[SourceTitle "CBM 202 Extra"]
[Source "ChessBase"]
[SourceDate "2021.07.31"]
[SourceVersion "1"]
[SourceVersionDate "2021.07.31"]
[SourceQuality "1"]

1. e4 c6 2. d4 d5 3. f3 e6 4. Nc3 Bb4 5. Bd2 Ne7 6. Bd3 b6 7. a3 Bxc3 8. Bxc3 Ba6 9. Ne2 0-0 10. h4 Bxd3 11. Qxd3 c5 12. exd5 Nxd5 13. dxc5 bxc5 14. 0-0-0 Nc6 15. h5 Nxc3 16. Qxc3 Qg5+ 17. f4 Qf6 18. Qxf6 gxf6 19. Rd6 Rac8 20. Rhd1 Rfd8 21. f5 Nd4 22. Rxd8+ Rxd8 23. Nxd4 cxd4 24. Kd2 e5 25. Kd3 Kf8 26. Re1 Ke7 27. Re4 Rg8 28. g4 Rb8 29. b3 Rc8 30. Kd2 h6 31. Re2 Kd6 32. Rg2 Kd5 33. Rg3 e4 34. c4+ dxc3+ 35. Rxc3 Rxc3 36. Kxc3 Ke5 37. b4 Kf4 38. Kd2 Kxg4 39. a4 Kxf5 40. b5 Ke6 41. Ke3 f5 0-1

[Event "GER-ch Net blitz qual1"]
[Site "Playchess.com INT"]
[Date "2021.04.24"]
[Round "3"]
[White "Gerhard, Dominik"]
[Black "Schulz, Gerhard1111"]
[Result "1-0"]
[WhiteElo "1698"]
[BlackElo "1558"]
[PlyCount "39"]
[EventDate "2021.04.24"]
[EventType "swiss (blitz)"]
[EventRounds "11"]
[EventCountry "GER"]
[SourceTitle "CBM 202 Extra"]
[Source "ChessBase"]
[SourceDate "2021.07.31"]
[SourceVersion "1"]
[SourceVersionDate "2021.07.31"]
[SourceQuality "1"]

1. e4 e6 2. d4 d5 3. Nc3 dxe4 4. Nxe4 Bd7 5. Bd3 Bc6 6. Nf3 Nd7 7. Bg5 Ngf6 8. c3 Be7 9. Bxf6 Nxf6 10. Qe2 0-0 11. Nxf6+ Bxf6 12. 0-0-0 a5 13. Ne5 Bxg2 14. Rhg1 Bd5 15. Qh5 g6 16. Nxg6 fxg6 17. Bxg6 hxg6 18. Qxg6+ Kh8 19. Rd3 Be7 20. Qh6# 1-0

[Event "DSOL 06 Liga Gr-A 1st"]
[Site "Playchess.com INT"]
[Date "2020.06.22"]
[Round "1.4"]
[White "Gerhard, Dominik"]
[Black "Kreuchauf, Olaf"]
[Result "1-0"]
[WhiteElo "1595"]
[BlackElo "1655"]
[PlyCount "63"]
[EventDate "2020.06.22"]
[EventType "team-tourn (rapid)"]
[EventCountry "GER"]
[SourceTitle "EXT 2021"]
[Source "ChessBase"]
[SourceDate "2020.10.23"]
[SourceVersion "1"]
[SourceVersionDate "2020.10.23"]
[SourceQuality "1"]
[WhiteTeam "Oberursel II"]
[BlackTeam "Berlin Eintracht"]
[WhiteTeamCountry "GER"]
[BlackTeamCountry "GER"]

1. e4 c5 2. Nc3 Nc6 3. Bb5 Nd4 4. Bc4 e6 5. Nge2 Ne7 6. Nxd4 cxd4 7. Ne2 Nc6 8. Bb5 Bc5 9. d3 a6 10. Ba4 b5 11. Bb3 0-0 12. 0-0 a5 13. a4 b4 14. f4 d5 15. exd5 exd5 16. f5 f6 17. Nf4 Ne7 18. Ne6 Bxe6 19. fxe6 Ra6 20. Re1 Bd6 21. Qg4 Kh8 22. Qxd4 Be5 23. Qg4 Qc8 24. d4 Bb8 25. Re3 Qc7 26. Rh3 g6 27. Bh6 Re8 28. Rf1 f5 29. Qe2 Qb6 30. Re1 Qxd4+ 31. Be3 Qxb2 32. Qxa6 1-0

[Event "GER Cup Net Final-C U1600"]
[Site "Playchess.com INT"]
[Date "2020.06.06"]
[Round "11"]
[White "Badrinarayanan, Harini"]
[Black "Gerhard, Dominik"]
[Result "1/2-1/2"]
[WhiteElo "1801"]
[BlackElo "1708"]
[PlyCount "29"]
[EventDate "2020.06.06"]
[EventType "swiss (blitz)"]
[EventRounds "13"]
[EventCountry "GER"]
[SourceTitle "CBM 197 Extra"]
[Source "ChessBase"]
[SourceDate "2020.09.30"]
[SourceVersion "1"]
[SourceVersionDate "2020.09.30"]
[SourceQuality "1"]

1. e4 d5 2. exd5 Qxd5 3. Nc3 Qd6 4. d4 Nf6 5. Nf3 c6 6. h3 Bf5 7. Bd3 Bxd3 8. Qxd3 Nbd7 9. Bg5 e6 10. 0-0-0 Be7 11. Rhe1 0-0 12. h4 a5 13. a3 b5 14. g3 b4 15. Bf4 1/2-1/2

[Event "GER Cup Net V4 U1600"]
[Site "Playchess.com INT"]
[Date "2020.05.31"]
[Round "5"]
[White "Gerhard, Dominik"]
[Black "Hellmich, Michael"]
[Result "1-0"]
[WhiteElo "1661"]
[BlackElo "1435"]
[PlyCount "77"]
[EventDate "2020.05.31"]
[EventType "swiss (blitz)"]
[EventRounds "9"]
[EventCountry "GER"]
[SourceTitle "EXT 2021"]
[Source "ChessBase"]
[SourceDate "2020.10.23"]
[SourceVersion "1"]
[SourceVersionDate "2020.10.23"]
[SourceQuality "1"]

1. e4 d5 2. exd5 Nf6 3. Bb5+ c6 4. dxc6 Nxc6 5. Nf3 Qd5 6. Nc3 Qe6+ 7. Qe2 Qxe2+ 8. Nxe2 Bd7 9. d4 0-0-0 10. Be3 Nd5 11. Ng5 Be6 12. Nxe6 fxe6 13. Bg5 Ndb4 14. 0-0-0 a6 15. Bxc6 Nxc6 16. Be3 h6 17. Nf4 Rd6 18. c3 g5 19. Nd3 Bg7 20. f4 Bf6 21. fxg5 hxg5 22. h3 Rhd8 23. Rhe1 e5 24. Nxe5 Nxe5 25. dxe5 Rxd1+ 26. Rxd1 Rxd1+ 27. Kxd1 Bxe5 28. Bxg5 Bf6 29. Bxf6 exf6 30. g4 Kd7 31. Ke2 Ke6 32. Ke3 Ke5 33. h4 f5 34. g5 f4+ 35. Kf3 Kf5 36. c4 b6 37. b4 a5 38. bxa5 bxa5 39. c5 1-0

[Event "GER Cup Net V3 U1600"]
[Site "Playchess.com INT"]
[Date "2020.05.27"]
[Round "7"]
[White "Gerhard, Dominik"]
[Black "Dawidzinski, Jan"]
[Result "1-0"]
[WhiteElo "1628"]
[BlackElo "1411"]
[PlyCount "61"]
[EventDate "2020.05.27"]
[EventType "swiss (blitz)"]
[EventRounds "9"]
[EventCountry "GER"]
[SourceTitle "EXT 2021"]
[Source "ChessBase"]
[SourceDate "2020.10.23"]
[SourceVersion "1"]
[SourceVersionDate "2020.10.23"]
[SourceQuality "1"]

1. e4 e6 2. d4 d5 3. Nc3 dxe4 4. Nxe4 Bd7 5. Bd3 Bc6 6. Nf3 Nd7 7. 0-0 Ngf6 8. Bg5 Be7 9. Bxf6 Nxf6 10. Nxf6+ Bxf6 11. Ne5 Bxe5 12. dxe5 Qd5 13. Qg4 Qxe5 14. b3 0-0-0 15. a4 h5 16. Qe2 Qxe2 17. Bxe2 Rd2 18. Bd3 f5 19. Rfe1 Re8 20. Re5 g5 21. Kf1 g4 22. Ke1 Rxd3 23. cxd3 Bd5 24. b4 Kd7 25. g3 Kd6 26. d4 b6 27. Kd2 c6 28. Rae1 a6 29. Kc3 Re7 30. R1e3 Re8 31. Rxf5 1-0

[Event "GER Cup Net V3 U1600"]
[Site "Playchess.com INT"]
[Date "2020.05.27"]
[Round "2"]
[White "Gerhard, Dominik"]
[Black "Siemianowski, Regina"]
[Result "1-0"]
[WhiteElo "1628"]
[BlackElo "1397"]
[PlyCount "119"]
[EventDate "2020.05.27"]
[EventType "swiss (blitz)"]
[EventRounds "9"]
[EventCountry "GER"]
[SourceTitle "EXT 2021"]
[Source "ChessBase"]
[SourceDate "2020.10.23"]
[SourceVersion "1"]
[SourceVersionDate "2020.10.23"]
[SourceQuality "1"]

1. e4 e5 2. Nf3 Nf6 3. Nc3 Nc6 4. d4 exd4 5. Nxd4 Be7 6. Bg5 0-0 7. Nf5 Re8 8. Nxe7+ Qxe7 9. Bd3 Ne5 10. Nd5 Nxd3+ 11. Qxd3 Qxe4+ 12. Qxe4 Rxe4+ 13. Ne3 Nd5 14. 0-0-0 Nxe3 15. Bxe3 d6 16. Rhe1 Bf5 17. Kb1 Rc4 18. Rd2 a6 19. b3 Rc6 20. Bf4 Kf8 21. Kb2 Re8 22. Rxe8+ Kxe8 23. c4 b5 24. cxb5 axb5 25. g3 h6 26. Be3 Ke7 27. Rd5 b4 28. Rxf5 g6 29. Rf4 g5 30. Rxb4 d5 31. Rd4 Kd6 32. Rd2 Ke5 33. Rc2 Re6 34. Rxc7 f6 35. f4+ gxf4 36. Bxf4+ Kf5 37. Rc2 h5 38. a4 d4 39. Ka3 Ke4 40. Re2+ Kf5 41. Rxe6 Kxe6 42. b4 Kd5 43. a5 Kc4 44. Ka4 Kc3 45. b5 d3 46. a6 d2 47. Bxd2+ Kxd2 48. a7 Ke3 49. a8Q f5 50. Qg2 f4 51. gxf4 Kxf4 52. Qh3 h4 53. Qxh4+ Ke3 54. b6 Ke2 55. b7 Kd2 56. b8Q Kc2 57. Qc7+ Kb2 58. Qb4+ Ka1 59. Qc1+ Ka2 60. Qbb2# 1-0

[Event "GER Cup Net V3 U1600"]
[Site "Playchess.com INT"]
[Date "2020.05.27"]
[Round "3"]
[White "Nelles, Werner"]
[Black "Gerhard, Dominik"]
[Result "0-1"]
[WhiteElo "1359"]
[BlackElo "1628"]
[PlyCount "78"]
[EventDate "2020.05.27"]
[EventType "swiss (blitz)"]
[EventRounds "9"]
[EventCountry "GER"]
[SourceTitle "EXT 2021"]
[Source "ChessBase"]
[SourceDate "2020.10.23"]
[SourceVersion "1"]
[SourceVersionDate "2020.10.23"]
[SourceQuality "1"]

1. e4 d5 2. e5 c5 3. Nf3 Nc6 4. Bb5 Bg4 5. 0-0 e6 6. h3 Bxf3 7. Qxf3 Qb6 8. Bxc6+ Qxc6 9. c4 Ne7 10. Nc3 d4 11. Qxc6+ Nxc6 12. Nb5 Kd7 13. f4 a6 14. Na3 g6 15. d3 h5 16. Bd2 Bh6 17. g3 Ne7 18. Nc2 Nf5 19. Kg2 Bg7 20. Rae1 Rhb8 21. Re2 b5 22. b3 bxc4 23. bxc4 Rb2 24. Bc1 Rxa2 25. Kf2 Rb8 26. Ne1 Rxe2+ 27. Kxe2 Rb1 28. Nf3 Nxg3+ 29. Kf2 Nxf1 30. Kxf1 Rxc1+ 31. Kg2 Bh6 32. Ng5 Bxg5 33. fxg5 Rd1 34. Kf3 Rxd3+ 35. Ke4 Rd1 36. Kf3 a5 37. Ke2 Rc1 38. Kd3 a4 39. Kd2 Rxc4 0-1